| 000 | 01116nam a2200301 c 4500 | ||
|---|---|---|---|
| 003 | BLK | ||
| 005 | 20240207140821.0 | ||
| 008 | 180413b bul|||||r ||||||| ||bul|| | ||
| 010 | _aKNG00022582000 | ||
| 040 | _aBLK | ||
| 041 |
_aBUL _cBUL |
||
| 080 |
_aБългарска литература _b821.163.2 _x-93-1 _z821.163.2-93-1 |
||
| 700 | 1 |
_aКърджилов, Петър Иванов _eсъстав. _9364398 |
|
| 139 |
_aПролет е _bП 91 |
||
| 245 | 1 | 0 |
_aПролет е _b54 стихотворения и песни за пролетта и Великден _cсъстав. Петър Иванов Кърджилов. |
| 257 | _aBGR | ||
| 260 |
_аСофия _bОларт _c1998 _fСофия : Иван Вазов |
||
| 300 |
_a48 с. _bс ил. _c23 см |
||
| 380 | _aX | ||
| 490 | 1 | _aБиблиотечка За вас и за вашето дете | |
| 500 | _aКор. опис. - 4 000 тир. | ||
| 852 | _aЦб 197063 | ||
| 856 | 4 |
_qpdf _u |
|
| 856 | 4 |
_qpdf _u |
|
| 942 |
_cKNG _n0 _02 |
||
| 944 |
_aCR _c15.01.2003 _k30532 _lМира Стойчева |
||
| 944 |
_aED _c15.01.2003 _k |
||
| 999 |
_c20362 _d20362 |
||